000 00572nam a2200193 i 4500
001 65303
003 ES-MaACL
005 20230906165337.0
007 t|
008 040112s1973 sp ||||1| spa d
100 0 _aFreinet, Célestin.
_952452
245 1 3 _aEl texto libre /
_cCelestin Freinet ; [adaptación de textos castellanos de C. Miguel y F. Zurriaga].
250 _a[1ª ed.].
260 _aBarcelona :
_bLaia,
_c[1973]
300 _a98 p. ;
_c17 cm.
700 1 _aMiguel, C.
_981002
700 1 _aZurriaga, F.
_9118548
852 _aES-MaACL
_jC-53568
_bR.84816
999 _c65303
_d65303